5HLuxD.jpg

KING HENRY VIII SENIOR AND PRIMARY SCHOOL LIBRARY OPAC

Complete chemistry for Cambridge IGSCE / (Record no. 2598)

000 -LEADER
fixed length control field 01691nam a2200433 i 4500
001 - CONTROL NUMBER
control field 019870079
003 - CONTROL NUMBER IDENTIFIER
control field UkOxU
005 - DATE AND TIME OF LATEST TRANSACTION
control field 20230726152508.0
006 - FIXED-LENGTH DATA ELEMENTS--ADDITIONAL MATERIAL CHARACTERISTICS
fixed length control field m || | |
007 - PHYSICAL DESCRIPTION FIXED FIELD--GENERAL INFORMATION
fixed length control field co |||||||||||
008 - FIXED-LENGTH DATA ELEMENTS--GENERAL INFORMATION
fixed length control field 140819m20142015enka 001 0 eng|d
015 ## - NATIONAL BIBLIOGRAPHY NUMBER
National bibliography number GBB489505
Source bnb
020 ## - INTERNATIONAL STANDARD BOOK NUMBER
International Standard Book Number 9780198308768
Qualifying information Teacher resource pack
035 ## - SYSTEM CONTROL NUMBER
System control number (Uk)016837769
040 ## - CATALOGING SOURCE
Original cataloging agency StDuBDS
Language of cataloging eng
Description conventions rda
Transcribing agency StDuBDS
Modifying agency UkOxU
-- KH8
082 04 - DEWEY DECIMAL CLASSIFICATION NUMBER
Classification number 540 GAL
100 1# - MAIN ENTRY--PERSONAL NAME
Personal name Gallagher, R.
Fuller form of name (Rosemarie),
Dates associated with a name 1948-
Relator term author.
245 10 - TITLE STATEMENT
Title Complete chemistry for Cambridge IGSCE /
Statement of responsibility, etc. RoseMarie Gallagher, Paul Ingram
250 ## - EDITION STATEMENT
Edition statement Third edition.
264 #1 - PRODUCTION, PUBLICATION, DISTRIBUTION, MANUFACTURE, AND COPYRIGHT NOTICE
Place of production, publication, distribution, manufacture Oxford :
Name of producer, publisher, distributor, manufacturer Oxford University Press,
Date of production, publication, distribution, manufacture, or copyright notice 2014-2015.
300 ## - PHYSICAL DESCRIPTION
Extent 3 volumes :
Other physical details illustrations ;
Dimensions 28-30 cm +
Accompanying material 1 CD-ROM
336 ## - CONTENT TYPE
Content type term text
Source rdacontent
336 ## - CONTENT TYPE
Content type term still image
Source rdacontent
337 ## - MEDIA TYPE
Media type term computer
Source rdamedia
337 ## - MEDIA TYPE
Media type term unmediated
Source rdamedia
338 ## - CARRIER TYPE
Carrier type term computer disc
Source rdacarrier
338 ## - CARRIER TYPE
Carrier type term volume
Source rdacarrier
347 ## - DIGITAL FILE CHARACTERISTICS
File type text file
Source rda
500 ## - GENERAL NOTE
General note Student book and Teacher resource pack accompanied by CD-ROM in pocket attached to inside back cover.
500 ## - GENERAL NOTE
General note Includes index.
500 ## - GENERAL NOTE
General note "Endorsed by University of Cambridge International Examinations"--Student book.
505 0# - FORMATTED CONTENTS NOTE
Formatted contents note Student book / RoseMarie Gallagher, Paul Ingram -- Workbook / Roger Norris -- Teacher resource pack / RoseMarie Gallagher, Paul Ingram.
521 2# - TARGET AUDIENCE NOTE
Target audience note IGCSE.
650 #0 - SUBJECT ADDED ENTRY--TOPICAL TERM
Topical term or geographic name entry element Chemistry
General subdivision Examinations
Form subdivision Study guides.
700 1# - ADDED ENTRY--PERSONAL NAME
Personal name Norris, Roger,
Dates associated with a name 1947-
Relator term author.
700 1# - ADDED ENTRY--PERSONAL NAME
Personal name Ingram, P.
Fuller form of name (Paul),
Dates associated with a name 1948-
Relator term author.
710 2# - ADDED ENTRY--CORPORATE NAME
Corporate name or jurisdiction name as entry element University of Cambridge.
Subordinate unit Local Examinations Syndicate.
-- International Examinations.
942 ## - ADDED ENTRY ELEMENTS (KOHA)
Source of classification or shelving scheme
Koha item type Teaching Resources
Holdings
Withdrawn status Lost status Source of classification or shelving scheme Damaged status Not for loan Collection code Permanent Location Current Location Shelving location Date acquired Full call number Barcode Date last seen Price effective from Koha item type Copy number
          Teaching Resources KH8 Senior School Library KH8 Senior School Library Staff Office 2023-07-26 540 GAL TRKHSL001285 2023-07-26 2023-07-26 Teaching Resources  
          Teaching Resources KH8 Senior School Library KH8 Senior School Library Staff Office 2023-07-26 540 GAL TRKHSL001285CD1 2023-07-26 2023-07-26 Teaching Resources CD-ROM

Powered By KH8 IT Dept